Statistics for Countries Closest to Turkmenistan - 30 Second Sprint

Click here to take the quiz!

General Stats

  • This quiz has been taken 60 times
  • The average score is 11 of 20

Answer Stats

kmcountrymiles% Correct
321Russia200
88%
0Uzbekistan0
88%
0Kazakhstan0
84%
110Tajikistan68
80%
442Pakistan274
76%
0Afghanistan0
74%
290Kyrgyzstan180
74%
616China383
72%
731India454
70%
0Iran0
68%
199Azerbaijan123
50%
698Iraq433
50%
676Turkey420
46%
479Georgia298
42%
529Armenia329
40%
1107Saudi Arabia688
16%
958Syria595
16%
975Kuwait606
14%
1122Oman697
8%
1168United Arab
Emirates
726
8%

Score Distribution

Percentile by Number Answered

Percent of People with Each Score

Your Score History

You have not taken this quiz